Missing Word: Two-Word TV Shows (A-Z) Quiz Stats

Quiz Updated Mar 19, 2015

Challenge
Share
Tweet
Embed
Score 0/26 Timer 03:00
0 Plays Today
TV Show Answer % Correct
Arrested ___________Development
96.2%
Charlie's ______Angels
93.1%
Magnum, __P.I.
91.9%
Gossip ____Girl
91%
Three's _______Company
90.9%
Las _____Vegas
86.8%
Quantum ____Leap
82.1%
Veronica ____Mars
82.1%
Hell's _______Kitchen
81.9%
Judging ___Amy
79.9%
Knight _____Rider
78.1%
Upstairs, __________Downstairs
73.5%
Spin ____City
72.9%
TV Show Answer % Correct
Fawlty ______Towers
71.6%
Wyatt ____Earp
68.8%
Dexter's __________Laboratory
67.2%
Bob's _______Burgers
66.2%
Petticoat ________Junction
65%
Nurse ______Jackie
64.1%
Yes, ____Dear/Minister
62.8%
Reading _______Rainbow
60.5%
Zoey ___101
43.8%
Orphan _____Black
43.7%
Invader ___ZIM
35.7%
Eerie, _______Indiana
28.3%
X-Men: _________Evolution
8.5%

Today's Daily Dose

You're not logged in!

Compare scores with friends on all Sporcle quizzes.
Sign Up with Email
OR
Log In

You Might Also Like...

Show Comments

Extras

Top Quizzes Today


Score Distribution

Your Account Isn't Verified!

In order to create a playlist on Sporcle, you need to verify the email address you used during registration. Go to your Sporcle Settings to finish the process.